5-Letter Countries Quiz Stats

 Plays Quiz Updated Aug 8, 2013

Support Sporcle.
Go Orange.
Score 0/24 Timer 04:00
25 Plays Today
Country % Correct
China
87.4%
Spain
84.9%
Japan
84.2%
Italy
81.6%
Chile
77.4%
Egypt
76.5%
India
76.5%
Libya
63.4%
Yemen
62.3%
Niger
60.8%
Sudan
58.8%
Ghana
58.7%
Country % Correct
Haiti
56.9%
Nepal
56.7%
Kenya
56.7%
Syria
56.6%
Malta
54%
Qatar
51.1%
Benin
50.1%
Tonga
46.9%
Samoa
44.2%
Gabon
43.7%
Palau
42.8%
Nauru
42.3%

You're not logged in!

Compare scores with friends on all Sporcle quizzes.
OR
Log In
Forgot?

From the Vault

The 500 Game

by sproutcm

When it comes to numbers, 500 is sure getting up there.
Remove Ads.
Support Sporcle.
Get the best of Sporcle when you Go Orange. This ad-free experience offers more features, more stats, and more fun while also helping to support Sporcle. Thank you for becoming a member.

Show Comments

Extras

Top Quizzes Today


Score Distribution

Your Account Isn't Verified!

In order to create a playlist on Sporcle, you need to verify the email address you used during registration. Go to your Sporcle Settings to finish the process.

Report this User

Report this user for behavior that violates our Community Guidelines.

Details: